<?xml version="1.0" encoding="UTF-8"?>
<record
    xmlns:xsi="http://www.w3.org/2001/XMLSchema-instance"
    xsi:schemaLocation="http://www.loc.gov/MARC21/slim http://www.loc.gov/standards/marcxml/schema/MARC21slim.xsd"
    xmlns="http://www.loc.gov/MARC21/slim">

  <leader>00952cam a22002651  4500</leader>
  <controlfield tag="001">ne 66001247 </controlfield>
  <controlfield tag="003">DLC</controlfield>
  <controlfield tag="005">20260227111824.0</controlfield>
  <controlfield tag="008">900413r19651898le       d    000 0 ara  </controlfield>
  <datafield tag="010" ind1=" " ind2=" ">
    <subfield code="a">ne 66001247 </subfield>
  </datafield>
  <datafield tag="025" ind1=" " ind2=" ">
    <subfield code="a">PL480:UAR-7182</subfield>
  </datafield>
  <datafield tag="035" ind1=" " ind2=" ">
    <subfield code="a">(OCoLC)21370478</subfield>
  </datafield>
  <datafield tag="040" ind1=" " ind2=" ">
    <subfield code="a">DLC</subfield>
    <subfield code="c">WaU</subfield>
    <subfield code="d">WaU</subfield>
    <subfield code="d">DLC</subfield>
  </datafield>
  <datafield tag="042" ind1=" " ind2=" ">
    <subfield code="a">premarc</subfield>
  </datafield>
  <datafield tag="050" ind1="0" ind2="0">
    <subfield code="a">PJ6620</subfield>
    <subfield code="b">.I22</subfield>
  </datafield>
  <datafield tag="100" ind1="2" ind2=" ">
    <subfield code="a">Ibn S&#x12B;dah, &#x2BB;Al&#x12B; ibn Ism&#x101;&#x2BB;&#x12B;l,</subfield>
    <subfield code="d">1007-1066.</subfield>
  </datafield>
  <datafield tag="245" ind1="1" ind2="0">
    <subfield code="a">Kit&#x101;b al-mukha&#x1E63;&#x1E63;a&#x1E63;,</subfield>
    <subfield code="c">ta&#x2BC;l&#x12B;f Ab&#x12B; al-&#x1E24;asan &#x2BB;Al&#x12B; ibn Ism&#x101;&#x2BB;&#x12B;l al-Na&#x1E25;w&#x12B; al-Lughaw&#x12B; al-Andalus&#x12B; al-ma&#x2BB;r&#x16B;f bi-Ibn S&#x12B;dah.</subfield>
  </datafield>
  <datafield tag="260" ind1=" " ind2=" ">
    <subfield code="a">Bayr&#x16B;t,</subfield>
    <subfield code="b">al-Maktab al-Tij&#x101;r&#x12B; li-&#x1E6C;ib&#x101;&#x2BB;ah wa-al-Tawz&#x12B;&#x2BB; wa-al-Nashr</subfield>
    <subfield code="c">[1965]</subfield>
  </datafield>
  <datafield tag="300" ind1=" " ind2=" ">
    <subfield code="a">17 v. in 5.</subfield>
    <subfield code="c">28 cm.</subfield>
  </datafield>
  <datafield tag="500" ind1=" " ind2=" ">
    <subfield code="a">Added t. p.: al-Mu&#x1E2B;a&#x1E63;&#x1E63;a&#x1E63; [by] Ibn S&#x12B;dah.</subfield>
  </datafield>
  <datafield tag="500" ind1=" " ind2=" ">
    <subfield code="a">Reprint of the 1316-21 ed.</subfield>
  </datafield>
  <datafield tag="650" ind1=" " ind2="0">
    <subfield code="a">Arabic language</subfield>
    <subfield code="v">Dictionaries.</subfield>
  </datafield>
  <datafield tag="700" ind1="1" ind2=" ">
    <subfield code="a">H&#x101;r&#x16B;n, &#x2BB;Abd al-Sal&#x101;m Mu&#x1E25;ammad.</subfield>
  </datafield>
  <datafield tag="740" ind1="0" ind2=" ">
    <subfield code="a">Mukha&#x1E63;&#x1E63;a&#x1E63;.</subfield>
  </datafield>
  <datafield tag="999" ind1=" " ind2=" ">
    <subfield code="c">48993</subfield>
    <subfield code="d">48993</subfield>
  </datafield>
</record>
